000 00541nam a2200217Ia 4500
003 OSt
005 20220928145657.0
006 a|||||r|||| 00| 0
007 ta
008 220927b |||||||| |||| 00| 0 eng d
024 _a81755
037 _cTextual
040 _aSDCL
_cSDCL
_beng
041 _2eng
_aeng
082 _aB3, P3
100 _aCohen Graeme L
_9513946
245 0 _aCourse in modern analysis and its applications
260 _c2003
942 _hB3, P3
_cTEXL
_2CC
999 _c834602
_d834602